50 films à remplir - 1996 - Statistiques

Statistiques générales
  • Ce quiz a été pris 153 fois
  • Le résultat moyen est 26 sur 50
Statistiques - réponses
Hint Réponse % Correct
Roméo + ... Juliette
93%
Les ... Dalmatiens 101
92%
Le ... de Notre-Dame Bossu
91%
... et le Roi des voleurs Aladdin
88%
Le ... de tuer ? Droit
83%
Mission: ... Impossible
83%
Une ... en enfer Nuit
82%
... (le tueur porte un masque inspiré du tableau "Le Cri") Scream
82%
... Attacks! Mars
81%
À l'épreuve du ... Feu
76%
Un air de ... Famille
75%
Secrets et ... Mensonges
74%
Le Professeur ... Foldingue
73%
... Day Independence
71%
... Jam Space
71%
Copy... Cat
70%
... contre fantômes Fantômes
70%
À l'épreuve des ... Balles
68%
Le ... anglais Patient
68%
Star Trek - ... contact Premier
65%
...spotting Train
63%
Larry ... Flynt
60%
Au loin s'en vont les ... Nuages
57%
Peur ... Primale
55%
Le Grand ... Tournoi
55%
Le ... Jour Huitième
53%
... City Kansas
53%
Un ... très discret Héros
50%
La ... Rançon
47%
Broken ... Arrow
44%
... Rock The
44%
Chacun cherche son ... Chat
42%
... et Butt-Head se font l'Amérique Beavis
40%
Breaking the ... Waves
39%
L'Île au trésor des ... Muppets
37%
... Gilmore Happy
36%
Po di ... Sangui
35%
... (titre original: The Cable Guy) Disjoncté
34%
Los Angeles ... 2013
32%
... (le film porte le nom d'une ville du Dakota du Nord) Fargo
31%
Comment je me suis disputé... (ma vie ...) Sexuelle
31%
... (un reboot de ce film est sorti en 2024, mettant simplement le titre au pluriel) Twister
31%
The ... : La Cité des anges Crow
26%
... (de David Cronenberg) Crash
24%
Le Club des ... Ex
17%
When We Were ... Kings
17%
... Return Kids
11%
... (par Francis Ford Coppola) Jack
9%
Goodbye ..., Goodbye South
7%
The ... Van
3%
Aucun quiz correspondant
Distribution des résultats
% des personnes avec chaque résultat
Percentile par nombre de réponses
Votre historique - résultats
Vous n’avez pas pris ce quiz